Central Library OPAC University of Rajshahi

The Maracot Deep / (Record no. 82693)

MARC details
000 -LEADER
fixed length control field 00642nam a2200217 a 4500
003 - CONTROL NUMBER IDENTIFIER
rucl marc code BD-RjUL
005 - DATE AND TIME OF LATEST TRANSACTION
control field 20240121104528.0
008 - FIXED-LENGTH DATA ELEMENTS--GENERAL INFORMATION
fixed length control field 960703s1961 enk 000 0 eng d
035 ## - SYSTEM CONTROL NUMBER
System control number (aleph)001341076BGU01-Aleph
040 ## - CATALOGING SOURCE
Original cataloging agency BGU
Language of cataloging eng
Transcribing agency BD-RjUL
041 ## - LANGUAGE CODE
Language code of text/sound track or separate title eng
082 ## - DEWEY DECIMAL CLASSIFICATION NUMBER
Classification number 823
Author mark and year DOM 1961
100 1# - MAIN ENTRY--PERSONAL NAME
Personal name Doyle, Arthur Conan,
Dates associated with a name 1859-1930
9 (RLIN) 10926
245 14 - TITLE STATEMENT
Title The Maracot Deep /
Statement of responsibility, etc. A. Conan Doyle
260 ## - PUBLICATION, DISTRIBUTION, ETC. (IMPRINT)
Place of publication, distribution, etc. London [England] :
Name of publisher, distributor, etc. Pan Books,
Date of publication, distribution, etc. 1977
300 ## - PHYSICAL DESCRIPTION
Pagination 153 p.
Size 19cm
490 0# - SERIES STATEMENT
Series statement Pan books
500 ## - GENERAL NOTE
General note Reprint. originally published in the Maracot deep and other stories, 1929
942 ## - ADDED ENTRY ELEMENTS (KOHA)
Source of classification or shelving scheme Dewey Decimal Classification
Koha item type Books
990 ## - EQUIVALENCES OR CROSS-REFERENCES [LOCAL, CANADA]
Link information for 9XX fields universities
Holdings
Lost status Source of classification or shelving scheme Damaged status Not for loan Collection code Permanent Location Current Location Shelving location Date acquired Total Checkouts Full call number Date last seen Copy number Koha item type
  Dewey Decimal Classification   Not For Loan Fiction Central Library, University of Rajshahi Central Library, University of Rajshahi Reading Room 21/01/2024   823 DOM 1961 21/01/2024 C-1 Books